000 00942cab a2200277 4500
001 WB3014-53
008 090401t1994 xxu||||| |||| 00| 0 eng d
035 _a(Sirsi) u24234
041 _aeng
245 _aRestriction of quarry growth
260 _c1994
350 _a0
490 _aFinancial Times
_v14 April 1994, 8
490 _aRICS Press Release
_v(PR59/94mins) 13 April 1994
490 _aDOE Press Release
_v(252) 13 April 1994 (6)
520 _aThe Government has issued local authorities with planning guidance to restrict the growth of quarries supplying rock, sand and gravel for construction in Minerals Planning Guidance Note 6.
650 _aAGGREGATES
650 _aMINERAL PLANNING GUIDANCE NOTE 6
650 _aMINERALS PLANNING GUIDANCE NOTE SIX
650 _aPLANNING POLICY
650 _aQUARRYING
650 _aSAND AND GRAVEL
690 _aMINING AND MINERALS
942 _n0
948 _c04/03/1997
999 _c16239
_d16239